000 00479cam a2200193ua 4500
001 1220
008 110620n ii |||gr||||Z||||||eng
040 _cMAIN
082 _a330.954
245 1 _aIndian economic problems.
_cBy B B Tandon.
250 _a1st.
260 _aNew Delhi.:
_bS chand.,987.
300 _aviii, 620 p.:
_c21 cm.
653 _aEconomics.
653 _aIndian economics problems.
700 1 _aTandon, B B.,
700 1 _aKaur, Kulwinder.,
942 _cBK
999 _c1127
_d1127